| 000 | 00498nam a2200181Ia 4500 | ||
|---|---|---|---|
| 003 | GCL | ||
| 008 | 140319s9999 xx 000 0 eng d | ||
| 040 |
_aGCL / _cGCL |
||
| 082 | 0 | 4 |
_a150.72 _bR S |
| 100 | 1 | _aSHAUGHNESSY, JOHN J. | |
| 245 | 1 | 0 |
_aRESEARCH METHODS IN PSYCHOLOGY / _cSHAUGHNESSY, JOHN J. |
| 700 | 1 | _aZECHMEISTER, EUGENE | |
| 260 |
_a[S.N] : _bMC GRAW - HILL ، _c1994 |
||
| 300 | _a500 P | ||
| 650 | 0 | 4 | _aPSYCHOLOGY EXPERIMENTAL |
| 650 | 0 | 4 | _aPSYCHOLOGY RESEARCH |
| 942 |
_2ddc _cBK |
||
| 999 |
_c23923 _d23923 |
||